Statistics for Formula 1 drivers 2016 seson

Click here to take the quiz!

General Stats

  • This quiz has been taken 175 times
  • The average score is 18 of 22

Answer Stats

HintAnswer% Correct
MercedesLewis Hamilton
100%
Scuderia FerrariSebastian Vettel
99%
MercedesNico Rosberg
98%
Scuderia FerrariKimi Raikkonen
96%
Red Bull RacingMax Verstappen
96%
Red Bull RacingDaniel Ricciardo
94%
McLarenFernando Alonso
93%
WilliamsFelipe Massa
89%
HaasRomain Grosjean
89%
McLarenJenson Button
86%
Toro RossoDaniil Kvyat
85%
WilliamsValtteri Bottas
85%
Force IndiaSergio Perez
84%
Force IndiaNico Hulkenberg
83%
RenaultKevin Magnussen
80%
Toro RossoCarlos Sainz
78%
SauberMarcus Ericsson
69%
HaasEsteban Gutierrez
61%
RenaultJolyon Palmer
57%
Manor RacingPascal Wehrlein
54%
SauberFelipe Nasr
48%
Manor RacingRio Haryanto
42%

Score Distribution

Percentile by Number Answered

Percent of People with Each Score

Your Score History

You have not taken this quiz